Konkurenčné výhody ruského trhu pre zahraničných investorov
Zahraničné investície v Ruskej federácii. Prílev zahraničných investícií do Ruska podľa jednotlivých druhov v období rokov 2005-2007. Rozhodujúce investičné krajiny v Rusku za rok 2007. Konkurenčné výhody ruského trhu.
Salvato in:
| Autore principale: | |
|---|---|
| Natura: | Capitolo di libro |
| Lingua: | slovacco |
| Soggetti: | |
| Tags: |
Nessun Tag, puoi essere il primo ad aggiungerne!!
|
MARC
| LEADER | 00000nla$a2200000$$$4500 | ||
|---|---|---|---|
| 001 | 0100129 | ||
| 005 | 20240711110131.9 | ||
| 041 | 0 | |a slo | |
| 044 | |a SK | ||
| 245 | 1 | 0 | |a Konkurenčné výhody ruského trhu pre zahraničných investorov |c Elena Kašťáková |
| 520 | |a Zahraničné investície v Ruskej federácii. Prílev zahraničných investícií do Ruska podľa jednotlivých druhov v období rokov 2005-2007. Rozhodujúce investičné krajiny v Rusku za rok 2007. Konkurenčné výhody ruského trhu. | ||
| 610 | 2 | 0 | |a investície zahraničné |
| 610 | 2 | 0 | |a investori |
| 610 | 2 | 0 | |a investovanie |
| 610 | 2 | 0 | |a trh |
| 610 | 2 | 0 | |a výhody konkurenčné |
| 610 | 2 | 0 | |a rast hospodársky |
| 610 | 2 | 0 | |a zdroje prírodné |
| 610 | 2 | 0 | |a sily pracovné |
| 610 | 2 | 0 | |a potenciál vedecký |
| 610 | 2 | 0 | |a Rusko |
| 100 | 1 | |a Kašťáková, Elena, 1974- | |